[Event "AUTO-OPEN-4403"]
[Site "http://www.queenalice.com/game.php?id=1799999"]
[Date "2022.11.15"]
[Round "1"]
[White "parapunzi"]
[Black "Pin"]
[Result "1-0"]
[WhiteElo "2590"]
[BlackElo "2028"]

1. e4 c5 2. Nc3 Nc6 3. g3 g6 4. Bg2 Bg7 5. d3 d6 6. f4 Nf6 7. Nf3 O-O 8. O-O Bg4
9. h3 Bc8 10. a4 Nh5 11. Ne2 Bd7 12. g4 Nf6 13. c3 Ne8 14. Ng3 a6 15. Be3 e6 16.
f5 Ne5 17. Qd2 b6 18. Nxe5 Bxe5 19. Bf4 Bg7 20. Bg5 f6 21. Be3 Rc8 22. h4 Rf7
23. fxg6 hxg6 24. g5 f5 25. h5 1-0

[Event "AUTO-OPEN-4403"]
[Site "http://www.queenalice.com/game.php?id=1800000"]
[Date "2022.11.15"]
[Round "1"]
[White "Pin"]
[Black "parapunzi"]
[Result "0-1"]
[WhiteElo "2030"]
[BlackElo "2589"]

1. d4 Nf6 2. c4 e6 3. Nc3 Bb4 4. Qc2 d5 5. Bg5 dxc4 6. e4 Qxd4 7. Rd1 Bxc3+ 8.
bxc3 Qc5 9. Nf3 Nbd7 10. Be2 a6 11. O-O b5 12. Be3 Qe7 13. e5 Nd5 14. Bd4 O-O
15. Nd2 c5 16. Be3 Nxe5 17. Ne4 Nxe3 18. fxe3 Bb7 19. Nd6 Bc6 20. Bf3 Nxf3+ 21.
gxf3 Qg5+ 22. Kf2 Qh5 23. Kg3 Qe5+ 24. Kg2 Qxe3 25. Rf2 Rad8 0-1

[Event "AUTO-OPEN-4377"]
[Site "http://www.queenalice.com/game.php?id=1803710"]
[Date "2023.1.10"]
[Round "2"]
[White "maurice916"]
[Black "parapunzi"]
[Result "0-1"]
[WhiteElo "1895"]
[BlackElo "2581"]

1. Nf3 c5 2. c4 Nc6 3. Nc3 g6 4. b3 Bg7 5. Bb2 Nh6 6. e4 O-O 7. d3 d6 8. Rb1 f5
9. Nd5 Nd4 10. Nxd4 cxd4 11. Be2 fxe4 12. dxe4 e6 13. Nb4 a5 14. Nc2 e5 15. O-O
Qh4 16. g3 Qxe4 17. f3 Qc6 18. Bd3 Bh3 19. Rf2 Ng4 20. fxg4 Rxf2 21. Kxf2 Rf8+
0-1

[Event "AUTO-OPEN-4377"]
[Site "http://www.queenalice.com/game.php?id=1803711"]
[Date "2023.1.10"]
[Round "2"]
[White "parapunzi"]
[Black "maurice916"]
[Result "1-0"]
[WhiteElo "2583"]
[BlackElo "1852"]

1. e4 c6 2. d4 d5 3. Nc3 dxe4 4. Nxe4 Nf6 5. Nxf6+ exf6 6. Nf3 Bg4 7. Be2 Bd6 8.
O-O Qc7 9. h3 Be6 10. Be3 O-O 11. c4 f5 12. Rc1 f4 13. Bd2 Nd7 14. Bd3 g6 15. d5
Bf5 16. Bxf5 gxf5 17. dxc6 bxc6 18. Qc2 Ne5 19. Nh4 Ng6 20. Nxf5 Rad8 21. Rfe1
c5 22. h4 Be5 23. h5 Ne7 24. Ba5 Nxf5 25. Bxc7 Bxc7 26. Qxf5 Rd4 27. Re7 Bd6 28.
h6 Bxe7 29. Qg4+ 1-0

[Event "AUTO-OPEN-4377"]
[Site "http://www.queenalice.com/game.php?id=1803714"]
[Date "2023.1.10"]
[Round "2"]
[White "dosoldini"]
[Black "parapunzi"]
[Result "0-1"]
[WhiteElo "1443"]
[BlackElo "2588"]

1. e4 c5 2. d4 cxd4 3. Qxd4 Nc6 4. Qc3 e6 5. a3 a6 6. Nf3 Nf6 7. Nbd2 d5 8. e5
Nd7 9. h3 Qc7 10. Nb3 Ndxe5 11. Bf4 Nxf3+ 0-1

[Event "AUTO-OPEN-4377"]
[Site "http://www.queenalice.com/game.php?id=1803715"]
[Date "2023.1.10"]
[Round "2"]
[White "parapunzi"]
[Black "dosoldini"]
[Result "1-0"]
[WhiteElo "2587"]
[BlackElo "1445"]

1. e4 e5 2. Nf3 d6 3. d4 f6 4. Bc4 Ne7 5. dxe5 fxe5 6. Nxe5 dxe5 7. Bf7+ Kxf7 8.
Qxd8 Nbc6 9. Qd3 Be6 10. O-O Rd8 11. Qf3+ 1-0

[Event "AUTO-OPEN-4369"]
[Site "http://www.queenalice.com/game.php?id=1806394"]
[Date "2023.2.20"]
[Round "2"]
[White "andrevillares"]
[Black "parapunzi"]
[Result "0-1"]
[WhiteElo "2151"]
[BlackElo "2527"]

1. d4 Nf6 2. c4 e6 3. Nf3 b6 4. a3 Bb7 5. Nc3 d5 6. Bg5 Be7 7. e3 O-O 8. Bd3
dxc4 9. Bxc4 Nbd7 10. O-O h6 11. Bh4 c5 12. Rc1 Rc8 13. Qe2 Bxf3 14. Qxf3 cxd4
15. Nb5 Rxc4 16. Rxc4 Ne5 17. Qe2 d3 18. Qd1 Nxc4 19. Qc1 d2 20. Qxc4 d1=Q 21.
Nc3 Qh5 0-1

[Event "AUTO-OPEN-4369"]
[Site "http://www.queenalice.com/game.php?id=1806395"]
[Date "2023.2.20"]
[Round "2"]
[White "parapunzi"]
[Black "andrevillares"]
[Result "1-0"]
[WhiteElo "2582"]
[BlackElo "2178"]

1. e4 c6 2. d4 d5 3. Nc3 dxe4 4. Nxe4 Bf5 5. Ng3 Bg6 6. Nf3 Nd7 7. Bd3 Bxd3 8.
Qxd3 Ngf6 9. c4 e6 10. O-O Be7 11. h3 c5 12. d5 exd5 13. cxd5 O-O 14. d6 Bxd6
15. Qxd6 1-0

[Event "AUTO-OPEN-4369"]
[Site "http://www.queenalice.com/game.php?id=1806398"]
[Date "2023.2.20"]
[Round "2"]
[White "cerenzo72"]
[Black "parapunzi"]
[Result "1-0"]
[WhiteElo "2137"]
[BlackElo "2492"]

1. b3 e5 2. Bb2 Nc6 3. e3 d5 4. Bb5 Bd6 5. d3 Nf6 6. Ne2 O-O 7. Nd2 Nb8 8. O-O
c6 9. Ba4 b5 10. Bxb5 cxb5 11. c4 bxc4 12. bxc4 Ba6 13. Rc1 Nbd7 14. Ng3 Re8 15.
Nf5 Bf8 16. Re1 Nc5 17. Qc2 dxc4 18. Nxc4 Nxd3 19. Red1 e4 20. Bd4 Nxc1 21. Rxc1
Rc8 22. Qa4 Bxc4 23. Rxc4 Qd5 24. Rxc8 Rxc8 25. g4 Nxg4 26. Ng3 Ne5 27. Ne2 Nf3+
28. Kg2 Qg5+ 29. Ng3 1-0

[Event "AUTO-OPEN-4369"]
[Site "http://www.queenalice.com/game.php?id=1806399"]
[Date "2023.2.20"]
[Round "2"]
[White "parapunzi"]
[Black "cerenzo72"]
[Result "1-0"]
[WhiteElo "2477"]
[BlackElo "2147"]

1. e4 c5 2. Nf3 Nc6 3. d4 cxd4 4. Nxd4 e5 5. Nb5 d6 6. N1a3 a6 7. Nc3 b5 8. Nd5
Nge7 9. c4 Nd4 10. Nb4 Bb7 11. cxb5 Bxe4 12. bxa6 Nec6 13. Nxc6 Bxc6 14. Nc2 Nb5
15. a4 Nc7 16. b4 Qd7 17. b5 Nxb5 18. Bxb5 Bxb5 19. axb5 Qxb5 20. Qe2 Qc6 21.
O-O Be7 22. Nb4 Qc5 23. Bd2 O-O 24. Rfc1 Qd4 25. Nc6 Qh4 26. g3 Qf6 27. a7 Rfc8
28. Nxe7+ Qxe7 29. Rxc8+ Rxc8 30. a8=Q 1-0

[Event "AUTO-OPEN-4398"]
[Site "http://www.queenalice.com/game.php?id=1810151"]
[Date "2023.4.18"]
[Round "2"]
[White "parapunzi"]
[Black "josebaron"]
[Result "0-1"]
[WhiteElo "2559"]
[BlackElo "2260"]

1. d4 d5 2. c4 dxc4 3. e3 Nf6 4. Bxc4 e6 5. Nf3 Bb4+ 6. Bd2 Bxd2+ 7. Nbxd2 O-O
8. O-O Re8 9. Rc1 b6 10. Qc2 Bb7 11. Be2 Nc6 12. Bb5 Nb4 13. Qxc7 Re7 0-1

[Event "AUTO-OPEN-4398"]
[Site "http://www.queenalice.com/game.php?id=1810152"]
[Date "2023.4.18"]
[Round "2"]
[White "josebaron"]
[Black "parapunzi"]
[Result "1-0"]
[WhiteElo "2238"]
[BlackElo "2574"]

1. e4 e6 2. Nf3 d5 3. exd5 exd5 4. d4 Nf6 5. Bd3 Bd6 6. O-O O-O 7. Re1 h6 8. a4
a6 9. h3 Re8 10. Rxe8+ Qxe8 11. Bd2 Nc6 12. a5 Bd7 13. c3 Rd8 14. b4 1-0

[Event "AUTO-OPEN-4398"]
[Site "http://www.queenalice.com/game.php?id=1810153"]
[Date "2023.4.18"]
[Round "2"]
[White "parapunzi"]
[Black "wudang"]
[Result "1-0"]
[WhiteElo "2489"]
[BlackElo "2621"]

1. f4 e5 2. fxe5 d6 3. Nc3 Nc6 4. exd6 Bxd6 5. Kf2 Qh4+ 6. g3 Bxg3+ 7. Kg2 Be1
8. Qxe1 Qxe1 9. Nf3 Bh3+ 10. Kxh3 Qf2 11. d4 Nxd4 12. Nd1 Nxc2 13. Nxf2 Nxa1 14.
Ne1 1-0

[Event "AUTO-OPEN-4398"]
[Site "http://www.queenalice.com/game.php?id=1810154"]
[Date "2023.4.18"]
[Round "2"]
[White "wudang"]
[Black "parapunzi"]
[Result "0-1"]
[WhiteElo "2632"]
[BlackElo "2478"]

1. e4 e5 2. f4 exf4 3. Nf3 g5 4. Bc4 Bg7 5. d4 d6 6. Nc3 h6 7. h4 g4 8. Bxf4
gxf3 9. Qxf3 Be6 10. Bxe6 fxe6 11. O-O-O Qe7 12. Rhf1 Nc6 13. Qh5+ Kd7 0-1

[Event "AUTO-OPEN-4388"]
[Site "http://www.queenalice.com/game.php?id=1817478"]
[Date "2023.7.28"]
[Round "2"]
[White "jcharro1979"]
[Black "parapunzi"]
[Result "1-0"]
[WhiteElo "2424"]
[BlackElo "2518"]

1. e4 e6 2. d3 d5 3. Nd2 c5 4. Ngf3 Nf6 5. g3 Qc7 6. Bg2 Be7 7. O-O Nc6 8. exd5
exd5 9. Re1 O-O 10. Nb3 h6 11. Bf4 Bd6 12. Bxd6 1-0

[Event "AUTO-OPEN-4369"]
[Site "http://www.queenalice.com/game.php?id=1823103"]
[Date "2023.10.16"]
[Round "3"]
[White "X128"]
[Black "parapunzi"]
[Result "1-0"]
[WhiteElo "2567"]
[BlackElo "2500"]

1. e4 c5 2. Nf3 e6 3. d4 cxd4 4. Nxd4 a6 5. Bd3 Qc7 6. O-O Nf6 7. Qe2 d6 8. c4
Be7 9. Nc3 Nc6 10. Nxc6 bxc6 11. Bg5 1-0

[Event "AUTO-OPEN-4369"]
[Site "http://www.queenalice.com/game.php?id=1823104"]
[Date "2023.10.16"]
[Round "3"]
[White "parapunzi"]
[Black "X128"]
[Result "0-1"]
[WhiteElo "2493"]
[BlackElo "2574"]

1. e4 c5 2. Nf3 d6 3. d4 cxd4 4. Nxd4 Nf6 5. Nc3 a6 6. f3 e5 7. Nb3 Be6 8. Be3
h5 9. Qd2 Nbd7 10. O-O-O Rc8 0-1